Nhập môn logic hình thức và logic phi hình thức
Khái niệm và mối quan hệ giữa logic và ngôn ngữ., logic mệnh đề, logic vị từ...
में बचाया:
| मुख्य लेखक: | |
|---|---|
| स्वरूप: | पुस्तक |
| भाषा: | Vietnamese |
| प्रकाशित: |
H.
Đại học quốc gia Hà Nội
2005
|
| श्रृंखला: | Sách Đại học sư phạm
|
| विषय: | |
| टैग : |
टैग जोड़ें
कोई टैग नहीं, इस रिकॉर्ड को टैग करने वाले पहले व्यक्ति बनें!
|
| Thư viện lưu trữ: | Mạng thư viện Đại học Đà Nẵng |
|---|
| LEADER | 01300nam a2200373 4500 | ||
|---|---|---|---|
| 001 | 000008177 | ||
| 003 | 4361 | ||
| 005 | 20120321090349.0 | ||
| 008 | 111014s2005 viesd | ||
| 020 | |c 26000đ | ||
| 041 | 0 | |a vie | |
| 082 | |a 511.3 |b NG-D | ||
| 100 | 0 | |a Nguyến Đức Dân |e tác giả | |
| 245 | 0 | |a Nhập môn logic hình thức và logic phi hình thức |c Nguyễn Đức Dân | |
| 260 | |a H. |b Đại học quốc gia Hà Nội |c 2005 | ||
| 300 | |a 303tr |c 21cm | ||
| 490 | |a Sách Đại học sư phạm | ||
| 500 | |a mục lục ở đầu sách | ||
| 520 | |a Khái niệm và mối quan hệ giữa logic và ngôn ngữ., logic mệnh đề, logic vị từ... | ||
| 600 | |a Nguyễn Đức Dân | ||
| 653 | |a Logic | ||
| 653 | |a hình thức | ||
| 653 | |a phi hình thức | ||
| 910 | |a Thương |d 14/10/2011 | ||
| OWN | |a LSP | ||
| AVA | |a UDN50 |b LSP |d 511.3 NG-D |e available |t Error 5001 Not defined in file expand_doc_bib_avail. |f 10 |g 0 |h N |i 0 |k 1 | ||
| 999 | |a From the UDN01 | ||
| AVA | |a UDN50 |b LSP |d 511.3 NG-D |e available |t Error 5001 Not defined in file expand_doc_bib_avail. |f 10 |g 0 |h N |i 0 |k 1 | ||
| TYP | |a Monograph | ||
| TYP | |a Printed language | ||
| 980 | |a Mạng thư viện Đại học Đà Nẵng | ||